00422nam a2200181Ia 4500008004000000041000800040082001200048100000600060245006500066260002000131650001200151650000700163650001400170650001900184650001700203650000800220650001200228210210b1930 xxu||||| |||| 00| 0 eng d aeng a920/119 a- aPrivate correspondence of chesterfield and newcastle 1744-46 aLondonb-c1930 aPrivate aof anewcastle acorrespondence achesterfield aand a1744-46